Visualizzazione normale
Vista MARC
- Nichols Mike
di Personal Name
Records bibliografici associati: 1
001 - CONTROL NUMBER
- control field: 47196
003 - CONTROL NUMBER IDENTIFIER
- control field: IT-RoPau
005 - DATE AND TIME OF LATEST TRANSACTION
- control field: 20151130224542.0
008 - FIXED-LENGTH DATA ELEMENTS
- fixed length control field: 151130|| aca||aabn | a|a d
040 ## - CATALOGING SOURCE
- Original cataloging agency: IT-RoPau
- Transcribing agency: IT-RoPau
100 ## - HEADING--PERSONAL NAME
- Personal name: Nichols Mike
- Miscellaneous information: Codice regista SPICS: 3196
670 ## - SOURCE DATA FOUND
- Source citation: Work cat.: (IT-RoPau)106497: Nichols Mike Codice regista SPICS: 3196, COMMA-22 COMMA-22 (Rif. Codice opera principale : H7224)